000 00995nam a2200301 i 4500
003 EG-GICUC
005 20260410182232.0
008 260410s1966 fr |||fr|||| 00| 0 fre d
040 _aEG-GiCUC
_bfre
_cEG-GiCUC
_dEG-GiCUC
_eRda
082 0 4 _221
_a343.3
_bST . D
092 0 4 _221
099 _aLaw1 10 343.3 ST . D 1966
100 1 _aStefani, Gaston
_eAuteur
245 1 0 _aDroit Pénal Général Et Procédure Pénale.
_nTOME II,
_pProcédure Pénale /
_bGastonm Stefani, Georges Levasseur.
250 _aDeuxième Edition
264 1 _aParis :
_bDalloz,
_c1966.
300 _a598 page ;
_c 24 cm.
336 _2rda contenu
_a texte
337 _2rda medias
_aOrdinateur
338 _2 transporteur rda
_a Ressource en ligne
650 1 _aLaw of Criminal Procedure
_2qrmak
650 1 _aDroit De Pénal
_2qrmak
651 1 _2qrmak
700 1 _aLevasseur, Georges
_eAnnotateur
856 4 0 _uhttps://fll.law.cu.edu.eg/fulltext/bks/B10-0597.pdf
905 _a54
942 _2ddc
_cBK
_e21
_n0
999 _c69959
_d69959